Online
Catalog

Las plantas que curan : (Record no. 33642)

MARC details
000 -CABECERA
campo de control de longitud fija 00764nam a2200205 a 4500
001 - NÚMERO DE CONTROL
campo de control 000034151
005 - FECHA Y HORA DE LA ÚLTIMA TRANSACCIÓN
campo de control 20200930070822.0
008 - DATOS DE LONGITUD FIJA--INFORMACIÓN GENERAL
campo de control de longitud fija 110926s2007 uy ac 000 0 spa d
020 ## - NÚMERO INTERNACIONAL ESTÁNDAR DEL LIBRO
Número Internacional Estándar del Libro 9789974795785
040 ## - FUENTE DE LA CATALOGACIÓN
Centro catalogador/agencia de origen DO-SdBNP
Lengua de catalogación spa
Centro/agencia transcriptor BNPHU
082 ## - NÚMERO DE LA CLASIFICACIÓN DECIMAL DEWEY
Número de clasificación 581.634
Número de documento/Ítem P713
245 00 - MENCIÓN DE TÍTULO
Título Las plantas que curan :
Resto del título remedios milenarios /.
246 14 - FORMA VARIANTE DE TÍTULO
Título propio/Titulo breve Las plantas curativas :
Resto del título sanan desde siempre: hierbas, plantas, semillas, raíces, alimentos
246 38 - FORMA VARIANTE DE TÍTULO
Título propio/Titulo breve Sanan desde siempre :
Resto del título las plantas curativas
260 ## - PUBLICACIÓN, DISTRIBUCIÓN, ETC.
Lugar de publicación, distribución, etc. Montevideo, Uruguay :
Nombre del editor, distribuidor, etc. Arquetipo Grupo editorial,
Fecha de publicación, distribución, etc. 2007.
300 ## - DESCRIPCIÓN FÍSICA
Extensión 354 p ;
Dimensiones 28 cm.
505 0# - NOTA DE CONTENIDO CON FORMATO
Título Hierbas--
-- Plantas --
-- Semillas --
-- Raíces --
-- Alimentos --
650 #4 - PUNTO DE ACCESO ADICIONAL DE MATERIA--TÉRMINO DE MATERIA
Término de materia o nombre geográfico como elemento de entrada Plantas medicinales
9 (RLIN) 21554
910 ## - DATOS DE OPCIÓN DEL USUARIO (OCLC)
Datos de opción del usuario Validado. Control de calidad MFF
Holdings
Estado de retiro Estado de pérdida Restricciones de uso No para préstamo Código de colección Localización permanente Ubicación/localización actual Ubicación en estantería Fecha de adquisición Número de inventario Total de préstamos Signatura topográfica completa Código de barras Fecha visto por última vez Precio válido a partir de Tipo de ítem Koha
      Excluido de préstamo Monografías: Libros y Folletos General General Depósito 26.09.2011 LF1   581.634 P713 34151-10 25.06.2020 25.06.2020 No se presta
        Monografías: Libros y Folletos General General Orden iniciada 26.09.2011 LF1   581.634 P713 34152-10 25.06.2020 25.06.2020 No se presta

Powered by Koha